000 01299nam a22004450a 4500
001 UByD001347
003 AR-LpoUNG
005 20240215173039.0
008 230403s2022||||ag |||||||||||||||||spa d
020 _a9789876306416
040 _aAR-LpoUNG
_bspa
_cAR-LpoUNG
_eaacr
041 _aspa
044 _aag
082 0 _a320.01 73est
100 1 _aIsuani, Fernando J.
_ecomp.
_eintr.
245 1 0 _aEstudios sobre capacidades burocráticas
250 _a1ra. ed.
260 _aBuenos Aires :
_bUniversidad Nacional de General Sarmiento,
_c2022.
300 _a253 p. :
_btbls.
490 0 _aPolítica, políticas y sociedad ;
_vno. 44
650 4 _aCIENCIA POLITICA
650 4 _aADMINISTRACION PUBLICA
650 4 _aFUNCION PUBLICA
650 4 _aSECTOR PUBLICO
650 4 _aBUROCRACIA
650 4 _aESTADO
650 4 _aPARTICIPACION DEL ESTADO
650 4 _aANALISIS REGIONAL
650 4 _aASPECTOS POLITICOS
650 4 _aASPECTOS ECONOMICOS
700 1 _aBertranou, Julián
700 1 _aDepetris, Jorge
700 1 _aMontes, Karina
700 1 _aPatrucci, Leticia
700 1 _aPereyra, Elsa
700 1 _aSalas, Eduardo
856 4 0 _uhttp://repositorio.ungs.edu.ar:8080/xmlui/handle/UNGS/1069
_yTexto completo
905 _a49475
942 _cLIB
_2ddc
999 _c63904
_d63904